Deutsche Fußballer in Spanien - Statistiken

Allgemein
  • Dieses Quiz wurde 77 mal gespielt
  • Das Durchschnittsergebnis liegt bei 10 aus 25
Antwortstatistiken
Debüt in der LaLiga Verein(e) Position Ligaspiele Spieler % Korrekt
2014 Real Madrid Zentrales Mittelfeld 306 Toni Kroos
100%
2015 FC Barcelona, FC Girona Torwart 293 Marc-Andre ter Stegen
97%
2022 Real Madrid Innenverteidiger 106 Antonio Rüdiger
91%
2010 Real Madrid Offensives Mittelfeld 105 Mesut Özil
90%
2010 Real Madrid Zentrales Mittelfeld 102 Sami Khedira
86%
2023 FC Barcelona Zentrales Mittelfeld 36 Ilkay Gündogan
74%
2014 FC Valencia, UD Levante Innenverteidiger 75 Skhodran Mustafi
68%
1980 FC Barcelona, Real Madrid, Atletico Madrid Offensives Mittelfeld 316 Bernd Schuster
67%
1973 Real Madrid Offensives Mittelfeld 85 Günter Netzer
54%
1974 Real Madrid Linker Verteidiger 84 Paul Breitner
48%
1996 Real Madrid Torwart 91 Bodo Illgner
43%
2006 Real Betis Rechtsaußen 40 David Odonkor
35%
1977 Real Madrid Defensives Mittelfeld 215 Uli Stielike
30%
2012 Real Valladolid, Rayo Vallecano Rechtsaußen 45 Patrick Ebert
22%
2011 FC Sevilla Offensives Mittelfeld 59 Piotr Trochowski
22%
2025 UD Levante Rechter Verteidiger 27 Jeremy Toljan
17%
1978 FC Valencia Defensives Mittelfeld 61 Rainer Bonhof
10%
1999 Rayo Vallecano Defensives Mittelfeld 56 Gerhard Poschner
7%
1996 Teneriffa Mittelstürmer 33 Oliver Neuville
7%
2012 UD Levante Rechter Verteidiger 26 Christian Lell
6%
1929 FC Barcelona Rechter Verteidiger 27 Emil Walter
4%
1990 Espanyol Barcelona Offensives Mittelfeld 37 Wolfram Wuttke
4%
1982 Atletico Madrid Defensives Mittelfeld 96 Mirko Votava
3%
1973 FC Elche Zentrales Mittelfeld 33 Franz Hiller
1%
1976 Hercules Alicante Mittelstürmer 30 Peter Lübeke
1%
Keine übereinstimmenden Quizze gefunden
Verteilung der Resultate
Anzahl Personen mit jedem Resultat
Perzentil nach korrekt beantworteten Fragen
Ihre Resultats-Entwicklung
Sie haben dieses Quiz noch nicht gespielt